Culture générale - Depuis quand ? *4* - Statistiques

Statistiques générales
  • Ce quiz a été pris 43 fois
  • Le résultat moyen est 5 sur 15
Statistiques - réponses
Hint Explanation Réponse % Correct
la carte d'identité française a-t-elle une durée de validité de 15 ans 1er janvier 2014
65%
peut-on voir la 3e chaine en France FR3 1975
60%
est-il possible d'aller voir Victor Hugo au Panthéon ? mai 1885
43%
peut-on suivre les aventures de JR Ewing (Dallas) en France 1ère diffusion 1981
40%
peut-on faire ses comptes sur une calculatrice de poche ? Invention de Kilby et Merryman 1972
38%
peut-on avorter par pilule ? Invention de EE Beaulieu 1988
38%
les condamnés à mort peuvent-ils être guillotinés ? 1791
33%
est-il possible de passer un coup de fil ? Officiellement invention de Bell 1876
33%
est-il possible de voir une photographie ? Invention de N. Niepce 1816
25%
utilise-t-on une baïonnette ? 1611
23%
peut-on rouler sur un vélocipède à pédale ? Invention de Pierre Michaux 1861
23%
mange-t-on de la mayonnaise ? 1756
15%
sait-on fabriquer un pont suspendu à câbles ? Invention de Marc Seguin 1822
13%
sait-on ligaturer des vaisseaux sanguins ? Par Ambroise Paré 1565
10%
rythme-t-on la musique avec un métronome ? Invention d'E. Louilé 1696
5%
Aucun quiz correspondant
Distribution des résultats
% des personnes avec chaque résultat
Percentile par nombre de réponses
Votre historique - résultats
Vous n’avez pas pris ce quiz